Managerial decision modeling : (Record no. 3513)

000 -LEADER
fixed length control field 00720nam a2200253Ia 4500
008 - FIXED-LENGTH DATA ELEMENTS--GENERAL INFORMATION
fixed length control field 251202t2017||||gw a|||gd|||||||| ||und||
020 ## - INTERNATIONAL STANDARD BOOK NUMBER
International Standard Book Number 9781501515101
Terms of availability € 69.95
040 ## - CATALOGING SOURCE
Original cataloging agency IMU Kochi Library
Language of cataloging eng
041 0# - LANGUAGE CODE
Language code of text/sound track or separate title eng
044 ## - COUNTRY OF PUBLISHING/PRODUCING ENTITY CODE
MARC country code Germany
082 04 - DEWEY DECIMAL CLASSIFICATION NUMBER
Classification number 658.4032
Item number B182
Edition number 23
100 1# - MAIN ENTRY--PERSONAL NAME
Personal name Balakrishnan, Nagraj
245 10 - TITLE STATEMENT
Title Managerial decision modeling :
Sub Title business analytics with spreadsheets /
250 ## - EDITION STATEMENT
Edition statement 4th ed.
260 ## - PUBLICATION, DISTRIBUTION, ETC. (IMPRINT)
Place of publication, distribution, etc Germany :
Name of publisher, distributor, etc De G press,
Date of publication, distribution, etc 2017
300 ## - PHYSICAL DESCRIPTION
Extent xxiv, 804 p.
Other physical details : col. ill;
Dimensions ; 24 cm.
650 #0 - SUBJECT ADDED ENTRY--TOPICAL TERM
Topical term or geographic name as entry element Linear programming
Form subdivision Textbooks
650 #0 - SUBJECT ADDED ENTRY--TOPICAL TERM
Topical term or geographic name as entry element Decision making
Form subdivision Textbooks
700 ## - ADDED ENTRY--PERSONAL NAME
Relator term Joint Author
700 ## - ADDED ENTRY--PERSONAL NAME
Relator term Joint Author
852 ## - LOCATION/CALL NUMBER
Location IMU Kochi Library
904 ## - LOCAL DATA ELEMENT D, LDD (RLIN)
CATALOGER Akhil Bose
942 ## - ADDED ENTRY ELEMENTS (KOHA)
Item type Books
Holdings
Withdrawn status Lost status Source of classification or shelving scheme Damaged status Not for loan Collection code Permanent location Current location Shelving location Date acquired Source of acquisition Cost, normal purchase price Full call number Barcode Date last seen Koha item type
          Management Studies IMU Kochi Library IMU Kochi Library Reference 2025-12-02 M/s Brijwasi Book Distributors (Inv. no. BW/000337 dated 06.11.2025) 7134.00 658.4032 B182 BK007691 2025-12-02 Books


Copyright © All Rights Reserved by Indian Maritime University, Kochi Campus.
For any Suggestions/Query Contact to library or Email: library.kochi@imu.ac.in Ph:(0484)-2989402
(Web OPAC Designed by Rudra Ranjan. Maintained by IMU Kochi Library)

Powered by Koha